[Event "ch-FRA Blitz Online Qual"]
[Site "Europe-Chess INT"]
[Date "2020.05.16"]
[Round "10"]
[White "Travadon, Loic"]
[Black "Popov, Konstantin"]
[Result "0-1"]
[WhiteTitle "IM"]
[BlackTitle "FM"]
[WhiteElo "2431"]
[BlackElo "2366"]
[WhiteFideId "26092131"]
[BlackFideId "34137910"]
[EventDate "2020.05.16"]

1. Nf3 d5 2. b3 Nf6 3. Bb2 g6 4. c4 c6 5. g3 Bg7 6. Bg2 O-O 7. O-O a6 8. d3 b5
9. Nbd2 Bg4 10. h3 Bxf3 11. Nxf3 e6 12. Rc1 Nbd7 13. Nd4 Qb6 14. cxb5 cxb5 15.
Nc6 Kh8 16. Bd4 Qb7 17. Na5 Qb8 18. e4 e5 19. Bb2 d4 20. Qd2 Rc8 21. h4 Qb6 22.
Bh3 Kg8 23. b4 h5 24. Rc2 Rxc2 25. Qxc2 Qd6 26. a3 Nb6 27. Nb7 Qe7 28. Nc5 Ng4
29. Bc1 a5 30. Bg5 Qc7 31. Qe2 axb4 32. axb4 Nf6 33. Rc1 Qd6 34. Kg2 Nfd7 35.
Nxd7 Nxd7 36. Qc2 Nb6 37. Qc5 Qxc5 38. bxc5 Nc8 39. Bd8 Bf8 40. c6 Bd6 41. Bd7
Kf8 42. c7 Na7 43. Bxb5 Nxb5 44. c8=Q Rxc8 45. Rxc8 Kg7 46. Ba5 Be7 47. Re8 Kf6
48. Bd8 Bxd8 49. Rxd8 Nc7 50. Rd6+ Ne6 51. Kf3 Ke7 52. Rc6 Kd7 53. Rb6 Ke7 54.
Ke2 Kd7 55. Kd2 Ke7 56. Kc2 f5 57. Kd2 Kf6 58. f3 Kf7 59. Ke2 Kf6 60. Kd1 Kf7
61. Kc2 f4 62. g4 hxg4 63. fxg4 g5 64. h5 Nf8 65. Rb5 Kf6 66. Kd2 Ne6 67. Rb6
Kf7 68. h6 Nf8 69. Rb7+ Kg6 70. Rb6+ Kh7 71. Ke2 Ng6 72. Rb7+ Kxh6 73. Kf2 Nh4
74. Rf7 Kg6 75. Rf8 Kg7 76. Re8 Kf6 77. Rh8 Ng6 78. Ra8 Ne7 79. Ra6+ Kf7 80. Ke1
Ng6 81. Kd2 Ne7 82. Ra1 Ng8 83. Kc2 Nf6 84. Rg1 Ke6 85. Kb3 Kd6 86. Kb4 Nd7 87.
Kc4 Nf6 88. Kb5 Nd7 89. Rc1 Nf6 90. Rc6+ Ke7 91. Rc7+ Kf8 92. Rc8+ Kf7 93. Rc7+
Ke6 94. Rc6+ Ke7 95. Rc1 Nxg4 96. Rg1 Ne3 97. Rxg5 f3 98. Rxe5+ Kd6 99. Rh5 f2
100. Rh6+ Ke5 101. Rh5+ Kf4 102. Rh8 f1=Q 103. Rf8+ Ke5 104. Rxf1 Nxf1 105. Kc6
Nh2 106. Kc5 Nf3 107. Kc4 Ne1 108. Kc5 Nxd3+ 109. Kc4 Nf2 110. Kb5 Kxe4 111. Kc6
d3 112. Kd7 d2 113. Ke8 d1=Q 114. Ke7 Qd5 115. Kf8 Ng4 116. Kg7 Qe6 117. Kh8 Qe7
118. Kg8 Nf6+ 119. Kh8 Qh7# 0-1

[Event "ch-FRA Blitz Online Qual"]
[Site "Europe-Chess INT"]
[Date "2020.05.16"]
[Round "10"]
[White "Shchekachev, Andrei"]
[Black "Roque, Gaetan"]
[Result "0-1"]
[WhiteTitle "GM"]
[WhiteElo "2533"]
[BlackElo "2128"]
[WhiteFideId "4107730"]
[BlackFideId "20666934"]
[EventDate "2020.05.16"]

1. Nf3 g6 2. e4 Bg7 3. d4 c6 4. c4 d6 5. h3 Nd7 6. Nc3 Qc7 7. Be3 e5 8. d5 Ne7
9. Be2 O-O 10. O-O h6 11. c5 cxd5 12. Nb5 Qd8 13. cxd6 Nc6 14. exd5 Nd4 15.
Nbxd4 exd4 16. Bxd4 Nf6 17. Rc1 b6 18. Be5 Ne4 19. Bxg7 Kxg7 20. Qd4+ Nf6 21.
Rc6 Bb7 22. Rfc1 Re8 23. Bd3 Bxc6 24. dxc6 Re6 25. c7 Qxd6 26. Qd5 Qxd5 27. Ba6
Rc6 28. Re1 Rxc7 29. b3 Rd8 30. Bc4 Rxc4 31. bxc4 Qxc4 32. Re7 Qc5 33. Rxa7 Rd1+
34. Kh2 Qxf2 0-1

[Event "ch-FRA Blitz Online Qual"]
[Site "Europe-Chess INT"]
[Date "2020.05.16"]
[Round "10"]
[White "Gatineau, Yovann"]
[Black "Bailet, Pierre"]
[Result "1/2-1/2"]
[WhiteTitle "FM"]
[BlackTitle "IM"]
[WhiteElo "2423"]
[BlackElo "2500"]
[WhiteFideId "26028999"]
[BlackFideId "655830"]
[EventDate "2020.05.16"]

1. Nf3 Nf6 2. c4 c6 3. g3 d5 4. Bg2 Bg4 5. cxd5 Bxf3 6. Bxf3 cxd5 7. O-O Nc6 8.
d3 e6 9. Nc3 Bc5 10. a3 O-O 11. b4 Bd4 12. Bb2 Rc8 13. Qb3 Be5 14. e3 d4 15. Ne4
dxe3 16. fxe3 Bxb2 17. Qxb2 Qxd3 18. Nxf6+ gxf6 19. Qxf6 Qxe3+ 20. Kh1 Qe5 21.
Qh6 Nd4 22. Bxb7 Rc2 23. Rae1 Qg7 24. Qe3 Nf5 25. Qf4 Rd8 26. Be4 Rc4 27. Rd1
Rxd1 28. Rxd1 Qf6 29. Qg4+ Kf8 30. Qf3 Rd4 31. Rc1 Qe5 32. Rc8+ Kg7 33. Bxf5
exf5 34. Kg2 Qe4 35. Qxe4 fxe4 36. Rc7 a5 37. bxa5 Ra4 38. Re7 Rxa3 39. Rxe4
Rxa5 40. Rf4 Rb5 41. Rf2 Ra5 42. Rf4 Rb5 43. Rf2 Ra5 44. Rf4 1/2-1/2

[Event "ch-FRA Blitz Online Qual"]
[Site "Europe-Chess INT"]
[Date "2020.05.16"]
[Round "10"]
[White "Bujisho, Benjamin"]
[Black "Guezennec, Franck"]
[Result "1/2-1/2"]
[WhiteTitle "IM"]
[WhiteElo "2290"]
[BlackElo "2272"]
[WhiteFideId "608610"]
[BlackFideId "633550"]
[EventDate "2020.05.16"]

1. d4 Nf6 2. Bf4 d6 3. Nf3 Nbd7 4. h3 g6 5. Nbd2 Bg7 6. e4 O-O 7. c3 Re8 8. Bc4
e5 9. dxe5 dxe5 10. Be3 Qe7 11. O-O b6 12. a4 a6 13. Re1 Bb7 14. Bg5 h6 15. Bh4
Rad8 16. Qc2 g5 17. Bg3 Nh5 18. Nf1 Nf4 19. Ne3 Nf8 20. Nf5 Qf6 21. Rad1 Bc8 22.
Rxd8 Rxd8 23. Rd1 Rxd1+ 24. Qxd1 Bxf5 25. exf5 Qxf5 26. Bxa6 N8e6 27. Bc8 Bf8
28. Kh2 Bd6 29. b4 h5 30. a5 bxa5 31. bxa5 h4 32. a6 hxg3+ 33. fxg3 Bc5 34. gxf4
Qxf4+ 35. Kh1 e4 36. Nh2 e3 37. Bxe6 fxe6 38. Nf3 g4 39. Qd8+ Kg7 40. Qd7+ Kf8
41. Qd8+ Kf7 42. Qd7+ Kf6 43. Qd8+ Kf5 44. hxg4+ Ke4 45. Ng5+ Ke5 46. Nf3+ Ke4
47. Ng5+ Ke5 48. Nf3+ Ke4 1/2-1/2

[Event "ch-FRA Blitz Online Qual"]
[Site "Europe-Chess INT"]
[Date "2020.05.16"]
[Round "10"]
[White "Riff, Vincent"]
[Black "Louistisserand, Patrick"]
[Result "1-0"]
[WhiteTitle "FM"]
[BlackTitle "FM"]
[WhiteElo "2405"]
[BlackElo "2245"]
[WhiteFideId "617776"]
[BlackFideId "635049"]
[EventDate "2020.05.16"]

1. e4 c5 2. Nc3 a6 3. Nf3 b5 4. d4 cxd4 5. Nxd4 Bb7 6. Bg5 Nc6 7. Nf5 Qb8 8. Nd5
e6 9. Bf4 d6 10. c4 exd5 11. cxb5 Ne5 12. bxa6 Bc6 13. Qd2 Nf6 14. exd5 Bd7 15.
Ng3 Be7 16. Be2 O-O 17. O-O Rc8 18. b3 Bb5 19. Nf5 Bf8 20. Bxe5 dxe5 21. d6 Bxe2
22. Qxe2 Bxd6 23. Rfd1 Bf8 24. b4 Qxb4 25. Qxe5 Rxa6 26. h3 Qc5 27. Qf4 Ra3 28.
Rac1 Rc3 29. Rxc3 Qxc3 30. a4 Qc4 31. Qg5 Rc6 32. Rd8 Qc1+ 33. Kh2 Qxg5 34. Ne7+
Kh8 35. Rxf8+ Ng8 36. Rxg8# 1-0

[Event "ch-FRA Blitz Online Qual"]
[Site "Europe-Chess INT"]
[Date "2020.05.16"]
[Round "10"]
[White "Eden, James"]
[Black "Colin, Vincent"]
[Result "0-1"]
[WhiteTitle "IM"]
[BlackTitle "IM"]
[WhiteElo "2330"]
[BlackElo "2372"]
[WhiteFideId "666491"]
[BlackFideId "612324"]
[EventDate "2020.05.16"]

1. e4 Nc6 2. Nc3 e5 3. Nf3 Nf6 4. d4 exd4 5. Nxd4 Bb4 6. Nxc6 bxc6 7. Bd3 d5 8.
exd5 cxd5 9. O-O O-O 10. h3 Be6 11. Qf3 Be7 12. Bf4 c5 13. Rad1 Qa5 14. Be5 Rfd8
15. a3 Rac8 16. Rfe1 Qb6 17. Qg3 Bd6 18. Bxd6 Qxd6 19. Qg5 h6 20. Qd2 d4 21. Ne4
Nxe4 22. Bxe4 c4 23. Qa5 Qb6 24. Qxb6 axb6 25. Re2 Rd6 26. Red2 Rcd8 27. a4 Kf8
28. f4 f5 29. Bf3 Ke7 30. Re1 Kf6 31. Kf2 g5 32. g3 d3 33. cxd3 Rxd3 34. Rxd3
cxd3 35. fxg5+ hxg5 36. h4 g4 37. Bd1 Bd5 38. Ke3 Be4 39. Kd2 Ke5 40. Bb3 Kd4
41. Rc1 Rd6 42. Rc4+ Ke5 43. Rc8 f4 44. Re8+ Kd4 45. gxf4 g3 46. Rg8 g2 47. f5
Rh6 48. Be6 Ke5 49. Bd7 Kd6 50. Bc8 Rxh4 51. f6 Rf4 52. Bh3 Rxf6 53. Ke3 d2 54.
Kxd2 Bd5 55. Ke3 Bxg8 0-1

[Event "ch-FRA Blitz Online Qual"]
[Site "Europe-Chess INT"]
[Date "2020.05.16"]
[Round "10"]
[White "Debray, Christopher"]
[Black "Tokhirjonova, Gulrukhbegim"]
[Result "0-1"]
[WhiteTitle "IM"]
[BlackTitle "WGM"]
[WhiteElo "2376"]
[BlackElo "2378"]
[WhiteFideId "630810"]
[BlackFideId "14203626"]
[EventDate "2020.05.16"]

1. d4 Nf6 2. c4 e6 3. g3 d5 4. Bg2 dxc4 5. Nf3 Nc6 6. Qa4 Bb4+ 7. Bd2 Bxd2+ 8.
Nbxd2 O-O 9. Qxc4 Qd5 10. O-O Qxc4 11. Nxc4 Rd8 12. Rfd1 Nd5 13. Rac1 Bd7 14.
Nfe5 Nxe5 15. Nxe5 c6 16. e4 Nb6 17. f4 Be8 18. Kf2 a5 19. Nc4 Nxc4 20. Rxc4 f6
21. Ke3 Kf8 22. Rd3 Ke7 23. Rb3 b5 24. Rc5 a4 25. Rbc3 Ra6 26. g4 h6 27. h4 Rb8
28. e5 Rbb6 29. exf6+ gxf6 30. g5 fxg5 31. fxg5 hxg5 32. Rxg5 b4 33. Rc1 Rb5 34.
Kf4 Raa5 35. Bxc6 Rf5+ 36. Kg4 Bh5+ 37. Kg3 Rxg5+ 38. hxg5 Rf5 39. Kh4 Bg6 40.
Bxa4 Rf4+ 41. Kg3 Rxd4 42. Rc7+ Kf8 43. Bb3 Bf5 44. Rc4 Rd2 45. Rxb4 Rxb2 46.
Kf4 Kg7 47. Ke5 Kg6 48. Rb8 Kxg5 49. Rg8+ Kh6 50. Kf6 Kh5 51. Rg3 Kh4 52. Re3
Rf2 53. Ke5 Kg5 54. a4 Rf1 55. Kd6 Ra1 56. Kc5 Kf4 57. Re2 e5 58. Kb6 Rb1 59.
Rf2+ Ke4 60. Re2+ Kd4 61. Rd2+ Bd3 62. a5 Rxb3+ 63. Kc6 Kc3 64. Rd1 e4 65. Rc1+
Kd2 66. Ra1 e3 67. a6 Bxa6 68. Rxa6 e2 0-1

[Event "ch-FRA Blitz Online Qual"]
[Site "Europe-Chess INT"]
[Date "2020.05.16"]
[Round "10"]
[White "Barbaras, Mathieu"]
[Black "Jolly, Jean-Francois"]
[Result "0-1"]
[BlackTitle "IM"]
[WhiteElo "2200"]
[BlackElo "2378"]
[WhiteFideId "20622910"]
[BlackFideId "634751"]
[EventDate "2020.05.16"]

1. d4 Nf6 2. Nf3 d5 3. c4 e6 4. g3 dxc4 5. Bg2 Bb4+ 6. Bd2 c5 7. O-O O-O 8. dxc5
Bxc5 9. Ne5 Nc6 10. Nxc4 e5 11. Nc3 Be6 12. Bxc6 bxc6 13. Nxe5 Bh3 14. Bg5 Bxf1
15. Qxf1 Re8 16. Nd3 Bd4 17. Rd1 h6 18. Bf4 Qe7 19. e3 Bb6 20. Be5 Rad8 21. Bxf6
Qxf6 22. Qg2 c5 23. Nf4 Qxc3 0-1

[Event "ch-FRA Blitz Online Qual"]
[Site "Europe-Chess INT"]
[Date "2020.05.16"]
[Round "10"]
[White "Okhotnik, Vladimir"]
[Black "Song, Julien"]
[Result "1/2-1/2"]
[WhiteTitle "GM"]
[BlackTitle "IM"]
[WhiteElo "2359"]
[BlackElo "2306"]
[WhiteFideId "14101289"]
[BlackFideId "659487"]
[EventDate "2020.05.16"]

1. e4 e5 2. Nf3 Nc6 3. d4 exd4 4. c3 d5 5. Bd3 dxe4 6. Bxe4 Nf6 7. Bxc6+ bxc6 8.
Qxd4 Bd6 9. O-O O-O 10. Bg5 c5 11. Qh4 Rb8 12. b3 a5 13. Nbd2 h6 14. Bxf6 Qxf6
15. Qxf6 gxf6 16. Rfe1 a4 17. Rab1 axb3 18. axb3 Be6 19. c4 Rb6 20. Ra1 Rfb8 21.
Ra5 Bd7 22. g3 Kg7 23. Nh4 Be6 24. f4 Bd7 25. Kf2 Be6 26. Kf3 Bd7 27. Re3 Rb4
28. Ra3 Rd8 29. Ke2 Bg4+ 30. Ke1 Bf8 31. Ra7 Bd6 32. Ne4 Rdb8 33. Ra3 Rd8 34.
Kf2 Bf8 35. Kg2 Rd1 36. h3 Bd7 37. Kf2 Rb1 38. Rd3 Bxh3 39. f5 Bg4 40. Ke3 h5
41. Ng2 Bd6 42. Nf4 Re1+ 43. Kf2 Rxe4 44. Nd5 Bxf5 45. Nxb4 cxb4 46. Ra5 Bg4 47.
Rb5 Re2+ 48. Kf1 f5 49. c5 Be5 50. Rxb4 f4 51. gxf4 Bf6 52. Rb7 Rb2 53. Rxc7 h4
54. Kg1 h3 55. Rg3 Bd4+ 56. Kh1 Rb1+ 57. Kh2 Rb2+ 58. Kh1 Rb1+ 59. Kh2 Rb2+ 60.
Kh1 1/2-1/2

[Event "ch-FRA Blitz Online Qual"]
[Site "Europe-Chess INT"]
[Date "2020.05.16"]
[Round "10"]
[White "Navrotescu, Catalin"]
[Black "Buksa, Nataliya"]
[Result "0-1"]
[WhiteTitle "IM"]
[BlackTitle "IM"]
[WhiteElo "2348"]
[BlackElo "2410"]
[WhiteFideId "1200208"]
[BlackFideId "14123622"]
[EventDate "2020.05.16"]

1. d4 d5 2. Bf4 Nf6 3. e3 e6 4. Nf3 Bd6 5. Bg3 c5 6. c3 Qc7 7. Nbd2 Nbd7 8. dxc5
Nxc5 9. Be2 O-O 10. O-O b6 11. c4 Bxg3 12. hxg3 Bb7 13. Rc1 Qe7 14. b4 Ncd7 15.
a3 e5 16. Qb3 e4 17. Nd4 Ne5 18. c5 Rac8 19. Rc2 bxc5 20. bxc5 Bc6 21. Rb1 h6
22. Qb4 Rfd8 23. Nf5 Qc7 24. Nd6 Rb8 25. Qd4 Rxb1+ 26. Nxb1 Ned7 27. Nd2 Rb8 28.
Nf5 Qa5 29. Qc3 Qxc3 30. Rxc3 Rb2 31. Ne7+ Kh7 32. Nxc6 Rxd2 33. Nd4 Ne5 34. c6
Ng8 35. c7 Ne7 36. c8=Q Nxc8 37. Rxc8 Ra2 38. Rc3 Kg6 39. f4 exf3 40. gxf3 f6
41. Kf2 Nd7 42. g4 Nb6 43. Kg3 h5 44. Bd3+ Kg5 45. f4+ Kh6 46. Nf5+ Kh7 47. gxh5
Kg8 48. Rc7 Kf8 49. Rxg7 Rxa3 50. Bb5 Rb3 51. Bc6 Nc4 52. h6 Nxe3 53. Nxe3 Rxe3+
54. Kg4 d4 55. Ba4 Ra3 56. Bd1 Ra1 57. Kf5 Rxd1 58. Kxf6 Rh1 59. h7 Rh6+ 60. Kg5
Kxg7 61. f5 Rxh7 62. f6+ Kf7 63. Kf5 Rh5+ 64. Kg4 Rd5 0-1

[Event "ch-FRA Blitz Online Qual"]
[Site "Europe-Chess INT"]
[Date "2020.05.16"]
[Round "10"]
[White "Muller, Anthony"]
[Black "Devallee, Jeremie"]
[Result "0-1"]
[BlackTitle "FM"]
[WhiteElo "2278"]
[BlackElo "2230"]
[WhiteFideId "20682743"]
[BlackFideId "665240"]
[EventDate "2020.05.16"]

1. d4 Nf6 2. c4 c5 3. Nf3 cxd4 4. Nxd4 e5 5. Nb5 d5 6. cxd5 Bc5 7. N5c3 O-O 8.
e3 e4 9. Be2 Qe7 10. a3 Bf5 11. b4 Bd6 12. Bb2 Nbd7 13. Nb5 Be5 14. d6 Qd8 15.
Bxe5 Nxe5 16. N1c3 a6 17. Nc7 Rc8 18. Rc1 Nd3+ 19. Bxd3 exd3 20. N7d5 Nxd5 21.
Nxd5 Qxd6 22. Nf4 Rxc1 23. Qxc1 Rc8 24. Qd1 g5 25. Nh3 h6 26. O-O d2 27. e4 Bxh3
28. gxh3 Rc1 29. Qxc1 dxc1=Q 30. Rxc1 Kg7 31. Rc3 Qd4 32. Re3 f6 33. Kg2 h5 34.
Kg3 h4+ 35. Kg2 Kf7 36. Kf3 Ke6 37. Kg2 Ke5 38. Kf3 Qd7 39. Kg2 b6 40. Re1 g4
41. Re3 gxh3+ 42. Rxh3 Qg4+ 0-1

[Event "ch-FRA Blitz Online Qual"]
[Site "Europe-Chess INT"]
[Date "2020.05.16"]
[Round "10"]
[White "Droin, Augustin"]
[Black "Sahetchian, Armand"]
[Result "1-0"]
[WhiteTitle "FM"]
[WhiteElo "2313"]
[BlackElo "2117"]
[WhiteFideId "45105987"]
[BlackFideId "607150"]
[EventDate "2020.05.16"]

1. e4 e5 2. Nf3 Nf6 3. Nxe5 d6 4. Nf3 Nxe4 5. Nc3 Nxc3 6. dxc3 Be7 7. Bd3 Bg4 8.
Bf4 Nd7 9. Qd2 Bxf3 10. gxf3 Nf6 11. Rg1 Nh5 12. Be3 Qd7 13. O-O-O g6 14. Bd4 f6
15. f4 O-O-O 16. Kb1 Kb8 17. Rde1 Rhe8 18. Be4 d5 19. Bf3 Qf5 20. Be3 Bd6 21.
Bg4 Qe4 22. Bxa7+ Kxa7 23. Rxe4 dxe4 24. Bxh5 gxh5 25. a3 Kb8 26. Qe3 f5 27. Rg5
b6 28. Rxf5 Bc5 29. Qe2 e3 30. fxe3 Rxe3 31. Qxh5 Re1+ 32. Ka2 Rd2 33. Kb3 Ree2
34. Rxc5 bxc5 35. Qxh7 Rxh2 36. Qg8+ Kb7 37. Qc4 Rxc2 38. Qe4+ 1-0

[Event "ch-FRA Blitz Online Qual"]
[Site "Europe-Chess INT"]
[Date "2020.05.16"]
[Round "10"]
[White "Degardin, Sylvain"]
[Black "Macon, Arthur"]
[Result "1-0"]
[BlackTitle "FM"]
[WhiteElo "2267"]
[BlackElo "2310"]
[WhiteFideId "20623070"]
[BlackFideId "20654707"]
[EventDate "2020.05.16"]

1. e4 c6 2. d4 d5 3. e5 Bf5 4. Nf3 e6 5. Be2 Nd7 6. O-O h6 7. Nbd2 Ne7 8. Nb3
Nc8 9. Bd2 Be7 10. a4 O-O 11. a5 a6 12. c4 dxc4 13. Bxc4 Na7 14. Qe2 Nb5 15. Be3
Qc7 16. Rfc1 Rac8 17. Ne1 Rfd8 18. Nd3 Bxd3 19. Bxd3 Nf8 20. Be4 Qd7 21. Rd1 Nc7
22. Qg4 Kh8 23. Qh5 Ng6 24. Bxh6 Kg8 25. Bxg6 fxg6 26. Qxg6 Bf8 27. Bg5 Re8 28.
Rd3 Qf7 29. Qxf7+ Kxf7 30. Nd2 Nd5 31. Nf1 c5 32. Ne3 Nb4 33. Rdd1 Nc6 34. d5
Nxe5 35. d6 Nd7 36. Nc4 e5 37. Bh4 Rc6 38. Rd5 Re6 39. Rad1 g6 40. h3 Bg7 41.
Nb6 Nxb6 42. axb6 Bf6 43. Bxf6 Kxf6 44. d7 1-0

[Event "ch-FRA Blitz Online Qual"]
[Site "Europe-Chess INT"]
[Date "2020.05.16"]
[Round "10"]
[White "Lucas, Arthur"]
[Black "Sochacki, Wojtek"]
[Result "0-1"]
[WhiteTitle "FM"]
[BlackTitle "IM"]
[WhiteElo "2283"]
[BlackElo "2320"]
[WhiteFideId "26093073"]
[BlackFideId "651389"]
[EventDate "2020.05.16"]

1. e4 c5 2. Nc3 Nc6 3. Bb5 Nd4 4. Nf3 e6 5. O-O a6 6. Bd3 Qc7 7. Nxd4 cxd4 8.
Ne2 Bc5 9. c3 dxc3 10. bxc3 Ne7 11. Bc2 O-O 12. d4 Ba7 13. Qd3 e5 14. f4 exd4
15. cxd4 f5 16. e5 d6 17. Ba3 dxe5 18. Rac1 Be6 19. Bb3 Qd7 20. fxe5 Rfd8 21.
Kh1 Nd5 22. Bd6 Rac8 23. Qf3 Qf7 24. Rxc8 Rxc8 25. Rc1 Rxc1+ 26. Nxc1 Bxd4 27.
Ne2 Bb6 28. Ng3 g6 29. h3 h5 30. Ne2 Kh7 31. Kh2 Ne3 32. Bxe6 Qxe6 33. Nf4 Qc4
34. Qxb7+ Kh6 35. Bf8+ Kg5 36. Qxb6 Qxf4+ 37. Kg1 Qf1+ 38. Kh2 Qxg2# 0-1

[Event "ch-FRA Blitz Online Qual"]
[Site "Europe-Chess INT"]
[Date "2020.05.16"]
[Round "10"]
[White "Claverie, Christophe"]
[Black "Papadiamandis, Elliot"]
[Result "0-1"]
[WhiteTitle "IM"]
[WhiteElo "2304"]
[BlackElo "2269"]
[WhiteFideId "605514"]
[BlackFideId "36074160"]
[EventDate "2020.05.16"]

1. Nf3 Nf6 2. g3 g6 3. Bg2 Bg7 4. O-O O-O 5. c4 d5 6. cxd5 Nxd5 7. Nc3 Nb6 8. a3
Nc6 9. b4 a6 10. Bb2 e5 11. d3 Nd4 12. Nd2 h5 13. e3 Nc6 14. Qc2 h4 15. Rac1 h3
16. Bh1 Ne7 17. Nce4 c6 18. a4 a5 19. bxa5 Rxa5 20. Bc3 Rxa4 21. Rb1 Ra8 22. Nc5
Ned5 23. Rfc1 f5 24. Ba1 f4 25. e4 fxg3 26. fxg3 Bh6 27. Nf3 Be3+ 28. Kf1 Bg4
29. Qe2 Bxc1 30. exd5 Qf6 31. Ne4 Qf5 32. dxc6 Nd5 33. Rxc1 Bxf3 34. Bxf3 Ra2
35. Nf6+ Qxf6 36. Qxa2 Qxf3+ 37. Kg1 Qe3+ 0-1

[Event "ch-FRA Blitz Online Qual"]
[Site "Europe-Chess INT"]
[Date "2020.05.16"]
[Round "10"]
[White "Szajbely, Zsigmond"]
[Black "Martinez Martinez, Mateo"]
[Result "1-0"]
[WhiteTitle "FM"]
[WhiteElo "2260"]
[BlackElo "1917"]
[WhiteFideId "711691"]
[BlackFideId "36055140"]
[EventDate "2020.05.16"]

1. e4 c5 2. Nf3 d6 3. d4 cxd4 4. Nxd4 Nf6 5. Nc3 a6 6. Bc4 e6 7. Bb3 Be7 8. g4
O-O 9. Be3 Nbd7 10. g5 Ne8 11. h4 Nc5 12. Qe2 Bd7 13. O-O-O b5 14. a3 Rc8 15. f4
Na4 16. Nxa4 bxa4 17. Ba2 Qa5 18. h5 e5 19. Nf5 Bxf5 20. exf5 exf4 21. Rd5 Qc7
22. Bxf4 Kh8 23. Rd2 Qb7 24. Re1 Rb8 25. c3 Bf6 26. gxf6 Nxf6 27. Bxd6 Rfe8 28.
Qd1 Rbd8 29. Rxe8+ Rxe8 30. Bd5 Nxd5 31. Rxd5 Qd7 32. Be5 Qe7 33. f6 gxf6 34.
Bd4 h6 35. Rf5 Kh7 36. Rxf6 Qe4 37. Qc2 Qxc2+ 38. Kxc2 Re2+ 39. Kd3 Rxb2 40.
Rxf7+ 1-0

[Event "ch-FRA Blitz Online Qual"]
[Site "Europe-Chess INT"]
[Date "2020.05.16"]
[Round "10"]
[White "Defromont, Benjamin"]
[Black "Edouard, Romain"]
[Result "0-1"]
[WhiteTitle "FM"]
[BlackTitle "GM"]
[WhiteElo "2236"]
[BlackElo "2649"]
[WhiteFideId "36068829"]
[BlackFideId "633429"]
[EventDate "2020.05.16"]

1. e4 c5 2. Nf3 d6 3. d4 cxd4 4. Nxd4 Nf6 5. Nc3 Nc6 6. Nd5 Nxd5 7. exd5 Qa5+ 8.
Bd2 Qxd5 9. Nb5 Qe6+ 10. Be2 Qd7 11. c4 a6 12. Nc3 e6 13. Be3 Be7 14. O-O O-O
15. f4 Rb8 16. Qd2 b6 17. Rad1 Qc7 18. b3 Bb7 19. f5 Ne5 20. Bd4 Rfd8 21. Qf4
Qc6 22. Rf2 Bf6 23. Qg3 Kh8 24. Rdf1 Rf8 25. Bd1 b5 26. cxb5 axb5 27. Bc2 b4 28.
Ne4 Nf3+ 29. Qxf3 Bxd4 30. Bb1 exf5 31. Qxf5 g6 32. Qh3 f5 33. Ng5 h5 34. Ne6
Bxf2+ 35. Rxf2 Rfe8 36. Bxf5 Qc3 37. Bxg6 Qxh3 38. Bxe8 Qe3 39. Bf7 Rc8 0-1

[Event "ch-FRA Blitz Online Qual"]
[Site "Europe-Chess INT"]
[Date "2020.05.16"]
[Round "10"]
[White "Alloui-Cros, Baptiste"]
[Black "Vaisser, Anatoly"]
[Result "0-1"]
[BlackTitle "GM"]
[WhiteElo "2139"]
[BlackElo "2504"]
[WhiteFideId "20699824"]
[BlackFideId "603252"]
[EventDate "2020.05.16"]

1. d4 e6 2. e4 d5 3. exd5 exd5 4. c4 dxc4 5. Bxc4 Bd6 6. Nc3 Nf6 7. Nge2 O-O 8.
O-O Nc6 9. Bf4 Bxf4 10. Nxf4 Qxd4 11. Qxd4 Nxd4 12. Rad1 c5 13. Ncd5 Nxd5 14.
Nxd5 Be6 15. b4 b6 16. bxc5 bxc5 17. Rfe1 Rfd8 18. Nc7 Bxc4 19. Nxa8 Rxa8 20.
Rc1 Ne2+ 21. Rxe2 Bxe2 22. Rxc5 g6 23. f3 Rb8 24. Ra5 Rb7 25. Kf2 Bc4 26. a3 a6
27. Ke3 Rb2 28. Rc5 Bf1 29. g4 Rxh2 30. a4 Ra2 31. Rc1 Bg2 32. Rg1 Ra3+ 33. Kf2
Bxf3 34. g5 Bd5 35. Rd1 Be6 36. Rd4 Kg7 37. Ke2 h6 38. gxh6+ 0-1

[Event "ch-FRA Blitz Online Qual"]
[Site "Europe-Chess INT"]
[Date "2020.05.16"]
[Round "10"]
[White "Dourerassou, Jonathan"]
[Black "Bressy, Theo"]
[Result "1-0"]
[WhiteTitle "GM"]
[BlackTitle "FM"]
[WhiteElo "2477"]
[BlackElo "2289"]
[WhiteFideId "628050"]
[BlackFideId "26022842"]
[EventDate "2020.05.16"]

1. e4 e6 2. d4 d5 3. Nc3 Nf6 4. e5 Nfd7 5. f4 c5 6. Nf3 Nc6 7. Be3 a6 8. Qd2 b5
9. Bd3 Qb6 10. Bf2 cxd4 11. Ne2 Bb4 12. c3 dxc3 13. bxc3 Bc5 14. Ned4 Ndb8 15.
O-O Nxd4 16. cxd4 Be7 17. f5 exf5 18. Rac1 Be6 19. Ng5 h6 20. Nxe6 fxe6 21. Rc2
Nc6 22. Rfc1 Rc8 23. Qd1 Kd7 24. Qh5 Nb4 25. Rxc8 Rxc8 26. Rxc8 Kxc8 27. Bf1 g5
28. Qxh6 Kd7 29. a3 Nc2 30. g4 f4 31. h4 gxh4 32. g5 Qd8 33. Qh7 Nxa3 34. Bh3
Kc6 35. g6 Bf8 36. Bxe6 Qg5+ 37. Kf1 f3 38. Qd7+ Kb6 39. Bxd5 Qc1+ 40. Be1 Nc4
41. Qd8+ Ka7 42. Qc7# 1-0

[Event "ch-FRA Blitz Online Qual"]
[Site "Europe-Chess INT"]
[Date "2020.05.16"]
[Round "10"]
[White "Kurmann, Oliver"]
[Black "Soubirou, Oriane"]
[Result "1-0"]
[WhiteTitle "IM"]
[WhiteElo "2430"]
[BlackElo "2144"]
[WhiteFideId "1308173"]
[BlackFideId "686034"]
[EventDate "2020.05.16"]

1. e4 g6 2. d4 Nf6 3. Nc3 d5 4. e5 Ne4 5. Nxe4 dxe4 6. Bc4 Bg7 7. Ne2 O-O 8. O-O
c5 9. c3 Nc6 10. Be3 Na5 11. Bb5 a6 12. Ba4 Nc4 13. Rb1 Nxe3 14. fxe3 Be6 15.
Bb3 Bg4 16. Rf4 h5 17. h3 Bc8 18. Qf1 e6 19. Ng3 b5 20. Nxe4 cxd4 21. exd4 Bb7
22. Nd6 Qe7 23. Qf2 Bd5 24. Rf1 Ra7 25. Bxd5 exd5 26. Qf3 Qe6 27. Kh1 Rd7 28.
Qd3 Rxd6 29. exd6 Qxd6 30. a4 b4 31. c4 dxc4 32. Qxc4 Qd7 33. b3 a5 34. Qc5 Kh7
35. Qxa5 Qe7 36. Qc5 Qe2 37. Rxf7 Rxf7 38. Rxf7 Qe1+ 39. Kh2 h4 40. Qe5 Qxe5+
41. dxe5 Kg8 42. e6 Be5+ 43. Kg1 Bg3 44. Kf1 1-0

[Event "ch-FRA Blitz Online Qual"]
[Site "Europe-Chess INT"]
[Date "2020.05.16"]
[Round "10"]
[White "Schweitzer, Adrien"]
[Black "Barbot, Pierre1"]
[Result "0-1"]
[BlackTitle "IM"]
[WhiteElo "2086"]
[BlackElo "2443"]
[WhiteFideId "628220"]
[BlackFideId "663727"]
[EventDate "2020.05.16"]

1. d4 Nf6 2. c4 e6 3. g3 d5 4. Nf3 Bb4+ 5. Bd2 Be7 6. Bg2 O-O 7. O-O c6 8. Qb3
Nbd7 9. Nc3 Nb6 10. c5 Nc4 11. Qc2 b6 12. b4 a5 13. a3 Bb7 14. Bf4 Nh5 15. Nd2
Nxf4 16. gxf4 Nxd2 17. Qxd2 b5 18. f3 Qc7 19. e4 Bf6 20. e5 Be7 21. f5 exf5 22.
f4 g6 23. Rae1 Bc8 24. Ra1 Be6 25. Qf2 Ra7 26. Ra2 Rfa8 27. Rfa1 Bf8 28. Qd2 Bh6
29. Ne2 Qd8 30. a4 axb4 31. Qxb4 Qh4 32. Qd2 Rxa4 33. Rxa4 Rxa4 0-1